Loading...

Synchronisation of oestrus superovulation and embrya collection in goats

Bibliographic Details
Main Author: BenjaminE d
Format: Printed Book
Language:Undetermined
Published: College of veterinary and animal sciences 1994
Mannuthy
LEADER 00676nam a2200217Ia 4500
008 141122s9999 xx 000 0 und d
040 |c . 
041 |a English 
082 |a 636.390 892 6  
082 |b BEN/SY 
100 |a  BenjaminE d 
245 |a  Synchronisation of oestrus superovulation and embrya collection in goats 
245 |c  BenjaminE d 
260 |b College of veterinary and animal sciences 
260 |b Mannuthy 
260 |c 1994 
300 |a 89 Pages 
500 |a Reference 
942 |c REF 
999 |c 436  |d 436 
952 |0 0  |1 0  |4 0  |6 636_390000000000000_892_6_BENS  |7 0  |9 434  |a COVAS  |b COVAS  |d 0000-00-00  |o 636.390 892 6 BEN/SY  |p 15307  |r 2014-11-26  |w 2014-11-26  |y REF